| 000 | 00564nam a2200229Ia 4500 | ||
|---|---|---|---|
| 003 | OSt | ||
| 005 | 20230626095547.0 | ||
| 008 | 210423s9999 xx 000 0 und d | ||
| 020 | _a9788125033905 | ||
| 040 | _cAL | ||
| 041 | _aeng | ||
| 082 |
_a305.5688 _223 _b KAMB |
||
| 100 |
_aKAMBLE (Baby) _993054 |
||
| 245 | _aPrisons we broke | ||
| 260 |
_bOrient Blackswan _aHyderabad _c2013 |
||
| 300 |
_axv,178 _bPB |
||
| 365 |
_b265 _cINR |
||
| 650 |
_aSocial Classes _993055 |
||
| 650 |
_aSociology _993056 |
||
| 906 | _abroke ; Prisons ; we | ||
| 942 |
_2ddc _cBK |
||
| 999 |
_c161067 _d161067 |
||